| 000 | 00612nam a22002057a 4500 | ||
|---|---|---|---|
| 003 | OSt | ||
| 005 | 20140310182933.0 | ||
| 008 | 130131t xxu||||| |||| 00| 0 eng d | ||
| 020 | _a9711009927 | ||
| 050 |
_aDS 686.5 _b.T468 1996 |
||
| 082 |
_aFIL 320.9599 .T474 1996 _b.T468 1996 |
||
| 245 |
_aThe anti-Marcos struggle _bpersonalistic rule and democratic transition in the Philippine _cThompson, Mark R. |
||
| 260 |
_aQuezon City _bNew Day Publishers _c1996 |
||
| 300 |
_axiii, 258 p. _c 23 cm. |
||
| 521 | _aCollege | ||
| 526 | _c1210L-1700L | ||
| 541 | _j1 | ||
| 562 | _e1 | ||
| 942 |
_2lcc _cBK _kFIL |
||
| 999 |
_c17567 _d17567 |
||